000 01404nam a2200373Ic 4500
001 58129
003 CO-BoRNBP
005 20250816001121.0
007 ta
008 210825s2014 ck a br6 000 h spa d
020 _a9789585731356
040 _aCO-BoRNBP
_bspa
_erda
_cCO-BoRNBP
041 0 _aspa
084 _aH
100 _aBailly, Pierre,
_d1970-
_eaut
245 1 0 _aBolita de pelo :
_bla mansión embrujada /
_cPierre Bailly, Céline Fraipont ; traducción Silvia Ruiz Pino.
250 _aPrimera edición
_bSegunda edición
264 1 _aBogotá, Colombia :
_bRey Naranjo Editores,
_c2024
300 _a[32] páginas :
_bilustraciones
336 _atexto
_btxt
_2rdacontent
337 _asin mediación
_bn
_2rdamedia
338 _avolumen
_bnc
_2rdacarrier
490 0 _aPNK Infantil
521 _aRecomendado para un público infantil mayor de 6 años
650 0 7 _aCastillos
_vtiras cómicas, historietas, etc
_2lemb
_962517
650 0 7 _aFantasmas
_vtiras cómicas, historietas, etc
_2lemb
_962518
650 0 4 _aLiteratura infantil belga
_ysiglo xx
_2LEMB
_9887
650 0 4 _aTiras cómicas, historietas, etc. belgas
_ysiglo xx
_2LEMB
_962519
650 0 7 _aRelaciones familiares
_vtiras cómicas, historietas, etc
_2LEMB
_962520
655 _aTiras cómicas, historietas, etc.
_9324780
700 _aFraipont, Céline
_eaut
700 _aRuiz Pino, Silvia
_etrl
_962521
942 _2loc
_cBKLIT
999 _c58129
_d58129